| 000 | 00724nam a22002297a 4500 | ||
|---|---|---|---|
| 003 | DO-SdBNP | ||
| 005 | 20240307174645.0 | ||
| 007 | ta | ||
| 008 | 110301s2015 dr 000 0 spa d | ||
| 020 | _a9789945498424 | ||
| 040 |
_aDO-SdBNP _bspa _cBNPHU |
||
| 082 | 4 |
_a972.901 _bA577t _222 |
|
| 100 | 1 |
_aAndújar Persinal, Carlos, _d1956- _97737 |
|
| 245 | 1 | 0 |
_aTemas del Caribe y otros escritos / _cCarlos Andújar ; prólogo Orlando Inoa |
| 260 |
_aSanto Domingo : _bBúho, _c2019. |
||
| 300 |
_a92 p. : _c23 cm. |
||
| 500 | _aIncluye datos biográficos del autor en la solapa de la cubierta. | ||
| 590 | _aInventariado, 2022/ YL | ||
| 700 | 1 |
_aInoa, Orlando _eprologo _95784 |
|
| 910 | _aYLockward | ||
| 942 |
_2ddc _cLBS1 |
||
| 999 |
_c51995 _d51995 |
||